| 000 | 00773cam a22002418i 4500 | ||
|---|---|---|---|
| 005 | 20250827163216.0 | ||
| 006 | m |o d | | ||
| 007 | cr ||||||||||| | ||
| 008 | 190930s2020 iau o 001 0 eng | ||
| 020 | _a9781260570748 | ||
| 040 |
_aKABLIB _beng _cKABLIB _erda |
||
| 050 | 0 | 0 | _aHF5549.2.U5 |
| 082 | 0 | 0 |
_a658.3 _223 _bHUM |
| 245 | 1 | 0 |
_aHuman resource management : _bgaining a competitive advantage / _cRaymond A. Noe, . . . [et al.] |
| 250 | _a12th ed. | ||
| 263 | _a2002 | ||
| 264 | 1 |
_aNew York : _bMcGraw-Hill Education, _cc2021. |
|
| 300 |
_axxxviii, 787 p. : _bcol. ill. ; _c25 cm. |
||
| 500 | _aIncludes references, appendix, index. | ||
| 650 | 0 |
_aPersonnel management _zUnited States. _914679 |
|
| 700 | 1 |
_aNoe, Raymond A. _914680 |
|
| 942 |
_2ddc _cBOOK |
||
| 999 |
_c5811 _d5811 |
||